[Event "Titled Tuesday intern op 19th Sep Late"]
[Site "Chess.com INT"]
[Date "2023.09.19"]
[Round "4"]
[White "Czopor, Maciej"]
[Black "Bogaudinov, Rushan"]
[Result "0-1"]
[WhiteElo "2358"]
[BlackElo "1853"]
[PlyCount "128"]
[EventDate "2023.09.19"]
[EventType "swiss (blitz)"]
[EventRounds "11"]
[EventCountry "USA"]
[SourceTitle "EXT 2024"]
[Source "ChessBase"]
[SourceDate "2023.10.10"]
[SourceVersion "1"]
[SourceVersionDate "2023.10.10"]
[SourceQuality "1"]

1. c4 e5 2. Nc3 Nf6 3. e3 d6 4. Nf3 g6 5. d4 exd4 6. Nxd4 Bg7 7. Be2 0-0 8. 0-0 Nc6 9. Nxc6 bxc6 10. Bf3 Bd7 11. Qc2 Rb8 12. b3 Bf5 13. Qd2 Qd7 14. Bb2 Bg4 15. Bxg4 Nxg4 16. h3 Nf6 17. Rad1 Rfe8 18. Qc2 Qe6 19. Rfe1 Ne4 20. Nxe4 Qxe4 21. Qxe4 Rxe4 22. Bxg7 Kxg7 23. f3 Re5 24. Kf2 f5 25. Rd3 a5 26. Rc1 a4 27. c5 axb3 28. axb3 Rxc5 29. Rxc5 dxc5 30. Rd7+ Kf6 31. Rxh7 Rxb3 32. Rxc7 Rb2+ 33. Kf1 Rb6 34. Ke2 c4 35. Kd2 Ke5 36. Kc3 Kd5 37. Rd7+ Kc5 38. Rg7 Rb3+ 39. Kc2 Rxe3 40. Rxg6 f4 41. h4 Kd4 42. Rd6+ Kc5 43. Rf6 Kb4 44. Rxc6 Re2+ 45. Kd1 Rxg2 46. Rf6 Kc3 47. Rxf4 Kd3 48. Ke1 c3 49. Rf8 c2 50. Rd8+ Ke3 51. Re8+ Kxf3 52. Rf8+ Ke3 53. Re8+ Kf4 54. Rc8 Ke3 55. Re8+ Kd3 56. Rd8+ Kc3 57. Rc8+ Kb2 58. Rb8+ Kc1 59. h5 Rh2 60. Rb5 Rh1+ 61. Ke2 Rh2+ 62. Ke1 Rh4 63. Ke2 Re4+ 64. Kd3 Rh4 0-1

[Event "London Mindsports op"]
[Site "London"]
[Date "2023.09.14"]
[Round "4"]
[White "Gordon, Frederick"]
[Black "Czopor, Maciej"]
[Result "1/2-1/2"]
[WhiteElo "2302"]
[BlackElo "2358"]
[PlyCount "52"]
[EventDate "2023.09.13"]
[EventType "swiss"]
[EventRounds "9"]
[EventCountry "ENG"]
[SourceTitle "EXT 2024"]
[Source "ChessBase"]
[SourceDate "2023.10.10"]
[SourceVersion "1"]
[SourceVersionDate "2023.10.10"]
[SourceQuality "1"]

1. e4 c5 2. Nf3 e6 3. c3 Nf6 4. e5 Nd5 5. Bc4 b6 6. 0-0 Bb7 7. d4 Be7 8. Nbd2 0-0 9. Re1 cxd4 10. Nxd4 d6 11. N2f3 dxe5 12. Nxe5 Bf6 13. Qg4 Bxe5 14. Rxe5 Qf6 15. Re1 Nd7 16. Qg3 h6 17. Bb5 Rfd8 18. Nc6 Bxc6 19. Bxc6 Rac8 20. Bxd5 exd5 21. Be3 Nf8 22. Bd4 Qg6 23. Re7 Qxg3 24. hxg3 Rd7 25. Rae1 Rcc7 26. Re8 f6 1/2-1/2

[Event "Piestany op-A"]
[Site "Piestany"]
[Date "2023.07.14"]
[Round "4"]
[White "Czopor, Maciej"]
[Black "Hrbek, Stepan"]
[Result "0-1"]
[WhiteElo "2379"]
[BlackElo "2317"]
[PlyCount "90"]
[EventDate "2023.07.11"]
[EventType "swiss"]
[EventRounds "9"]
[EventCountry "SVK"]
[SourceTitle "EXT 2024"]
[Source "ChessBase"]
[SourceDate "2023.10.10"]
[SourceVersion "1"]
[SourceVersionDate "2023.10.10"]
[SourceQuality "1"]

1. e4 c5 2. Nf3 Nc6 3. Bb5 e6 4. Bxc6 bxc6 5. d3 Qc7 6. Qe2 e5 7. Nfd2 Ne7 8. Nc4 Ng6 9. Nc3 Be7 10. g3 d6 11. Ne3 Nf8 12. Nf5 Ne6 13. f4 Nd4 14. Nxd4 cxd4 15. Nd1 f5 16. fxe5 fxe4 17. exd6 Qxd6 18. dxe4 0-0 19. Bd2 c5 20. Nf2 Ba6 21. Qh5 Qe6 22. Qg4 Qc4 23. b3 Qxc2 24. Qe6+ Kh8 25. Qxa6 Rxf2 26. Kxf2 Qxd2+ 27. Kf3 Rf8+ 28. Kg4 Qg5+ 29. Kh3 Qh5+ 30. Kg2 Qf3+ 31. Kh3 Rf6 32. Qxf6 gxf6 33. Rhe1 d3 34. Rad1 Bf8 35. Rf1 Qh5+ 36. Kg2 Qe2+ 37. Kh3 d2 38. Rb1 Kg7 39. Rbd1 Bd6 40. Rb1 Be5 41. Rbd1 h5 42. Rg1 Kg6 43. Rgf1 h4 44. Rg1 Kh5 45. Rdf1 Qg4+ 0-1

[Event "Titled Tuesday intern op 16th May Late"]
[Site "Chess.com INT"]
[Date "2023.05.16"]
[Round "3"]
[White "Bortnyk, Mykola"]
[Black "Czopor, Maciej"]
[Result "1-0"]
[WhiteElo "2425"]
[BlackElo "2385"]
[PlyCount "61"]
[EventDate "2023.05.16"]
[EventType "swiss (blitz)"]
[EventRounds "11"]
[EventCountry "USA"]
[SourceTitle "CBM 214 Extra"]
[Source "ChessBase"]
[SourceDate "2023.07.31"]
[SourceVersion "1"]
[SourceVersionDate "2023.07.31"]
[SourceQuality "1"]

1. Nf3 g6 2. c4 Bg7 3. d4 Nf6 4. g3 0-0 5. Bg2 d6 6. 0-0 Nc6 7. Nc3 Bg4 8. h3 Bxf3 9. Bxf3 Nd7 10. e3 e5 11. d5 Ne7 12. Bg2 f5 13. Rb1 e4 14. Ne2 Ne5 15. Nf4 Nxc4 16. Ne6 Qd7 17. Nxf8 Rxf8 18. b3 Nb6 19. f3 Nbxd5 20. Bd2 exf3 21. Bxf3 c6 22. Rc1 Qe6 23. Qe2 Be5 24. Kg2 Nf6 25. e4 fxe4 26. Bxe4 Nxe4 27. Qxe4 Nf5 28. Bf4 Re8 29. Rce1 Qd7 30. Qc4+ Kg7 31. Qe2 1-0

[Event "Titled Tuesday intern op 16th May Late"]
[Site "Chess.com INT"]
[Date "2023.05.16"]
[Round "4"]
[White "Czopor, Maciej"]
[Black "Przybylski, Wojciech"]
[Result "0-1"]
[WhiteElo "2385"]
[BlackElo "2321"]
[PlyCount "52"]
[EventDate "2023.05.16"]
[EventType "swiss (blitz)"]
[EventRounds "11"]
[EventCountry "USA"]
[SourceTitle "CBM 214 Extra"]
[Source "ChessBase"]
[SourceDate "2023.07.31"]
[SourceVersion "1"]
[SourceVersionDate "2023.07.31"]
[SourceQuality "1"]

1. c4 e5 2. Nc3 Nf6 3. e3 Be7 4. Nf3 Nc6 5. Qc2 0-0 6. a3 a5 7. Be2 Re8 8. 0-0 d6 9. h3 h6 10. d3 Be6 11. Rb1 Bf8 12. Re1 d5 13. cxd5 Nxd5 14. Bd2 Qd7 15. Ne4 Qe7 16. Rec1 Kh8 17. Nc5 Bc8 18. Bf1 f5 19. e4 fxe4 20. Nxe4 Nf4 21. Be3 Qf7 22. Nfd2 Bf5 23. Kh2 Qg6 24. Qb3 Bc8 25. Qb5 a4 26. Bc5 Ra5 0-1